S.S.B. Interviews (Record no. 48543)

MARC details
000 -LEADER
fixed length control field 00450nam a2200181Ia 4500
008 - FIXED-LENGTH DATA ELEMENTS--GENERAL INFORMATION
fixed length control field 230524s9999 xx 000 0 und d
020 ## - INTERNATIONAL STANDARD BOOK NUMBER
ISBN 8178890755
082 ## - DEWEY DECIMAL CLASSIFICATION NUMBER
Classification number 402.63
Item number MEH
100 ## - MAIN ENTRY--AUTHOR NAME
Personal name V M Mehta
245 #0 - TITLE STATEMENT
Title S.S.B. Interviews
250 ## - EDITION STATEMENT
Edition statement 3RD
260 ## - PUBLICATION, DISTRIBUTION, ETC. (IMPRINT)
Place of publication NEW DELHI
Name of publisher Vohra
300 ## - PHYSICAL DESCRIPTION
Number of Pages XXIX;221
500 ## - GENERAL NOTE
General note Quantity Number: 1
650 ## - SUBJECT ADDED ENTRY--TOPICAL TERM
Topical Term Miscellaneous
700 ## - ADDED ENTRY--PERSONAL NAME
Personal name " VSM (Brigadier, Retd),,,"
942 ## - ADDED ENTRY ELEMENTS (KOHA)
Koha item type Books
Holdings
Lost status Damaged status Permanent Location Current Location Shelving location Date acquired Full call number Accession Number Koha item type
    Central Library, Trident Academy of Technology Central Library, Trident Academy of Technology General Stacks 05/24/2023 402.63 MEH 41207 Books
Trident Academy of Technology © 2023.
All rights reserved.                                                                                                                                                                                                        Designed by Team of Central Library .

Powered by Koha